000 00286nam a2200097Ia 4500
008 210107s9999 xx 000 0 und d
100 _aRao,T. V.
245 0 _aHRD Audit: Evaluating the Human Resource Function for business Improvement
260 _aNew Delhi
_bResponse books
942 _cBK
999 _c10515
_d10515